| 000 | 00576nam a2200229Ia 4500 | ||
|---|---|---|---|
| 003 | OSt | ||
| 005 | 20220912145248.0 | ||
| 006 | a|||||r|||| 00| 0 | ||
| 007 | ta | ||
| 008 | 220909b |||||||| |||| 00| 0 eng d | ||
| 024 | _a102145 | ||
| 037 | _cTextual | ||
| 040 |
_aCSL _beng _cCSL |
||
| 041 | _aeng | ||
| 082 | _aY72.271, P4;1 | ||
| 100 | _achoudhury SK | ||
| 245 | 0 | _aTribal Identity | |
| 260 |
_aNew Delhi _bRawat publication Indiax |
||
| 300 |
_axvi,208 _ccm. |
||
| 942 |
_hY72.271, P4;1 _cTEXL _2CC |
||
| 999 |
_c27286 _d27286 |
||